Loreto College Library, Kolkata
WEBOPAC (ONLINE PUBLIC ACCESS CATALOGUE)

A survey of the teaching of physics at universities (Record no. 24441)

MARC details
000 -LEADER
fixed length control field 00469nam a2200169Ia 4500
008 - FIXED-LENGTH DATA ELEMENTS--GENERAL INFORMATION
fixed length control field 131103s9999 xx 000 0 und d
040 ## - CATALOGING SOURCE
Original cataloging agency Loreto College
041 ## - LANGUAGE CODE
Language code English
082 ## - DDC | ডিউই
Classification number | বর্গসংখ্যা 378/UNI
Book Number | গ্রন্থাঙ্ক LCLIB/26170
245 #2 - TITLE STATEMENT | অাখ্যা বিবরণী
Title | অাখ্যা A survey of the teaching of physics at universities
260 ## - IMPRINT | প্রকাশনা ক্ষেত্র
Place of publication | প্রকাশ স্থান Netherlands
Name of publisher | প্রকাশকের নাম Unesco
Date of publication | প্রকাশ কাল 1966
300 ## - PHYSICAL DESCRIPTION |
Page / Vol. No | পৃষ্ঠা / খন্ড সংখ্যা 396p.
Other physical details | অনান্য বাহ্যিক বিবরণ ill.,chart, tables
504 ## - BIBLIOGRAPHY, ETC. NOTE
Bibliography, etc Includes appendix
650 ## - SUBJECT ADDED ENTRY--TOPICAL TERM | বিষয় শিরোনাম - মূল বিষয়
Topical term | মূল বিষয় Higher education
850 ## - HOLDING INSTITUTION
Holding institution LCLIB/378/UNE
942 ## - ADDED ENTRY ELEMENTS (KOHA)
Koha item type Books
Holdings
Withdrawn status Lost status Damaged status Not for loan Home library Current library Date acquired Total Checkouts Full call number Accession No. Date last seen Price effective from Koha item type
        Loreto College Loreto College 04/11/2013   378/UNI LCLIB/26170 B27157 04/11/2013 04/11/2013 Books